Регионална библиотека "Любен Каравелов" - Русе

Моята обич (Запис номер 166999)

MARC детайли
000 -Лидер
Контролно поле с фиксирана дължина 01210nam a2200361 c 4500
003 - Код на организацията, давaща контролен номер
Контролно поле BLK
005 - Дата и час на последна редакция
Контролно поле 20220228100039.0
008 - Елементи от данни с фиксирана дължина
fixed length control field 180411b bul|||||r ||||||| ||bul||
010 ## - Наследен системен номер
LC control number KNG00174768000
040 ## - Източник на каталожния запис
Идентификатор на билиотеката - собственик на записа BLK
041 ## - Код за език
Код за езика на текст/звукозапис или на отделно заглавие Български
Код за езика КДБФ Български
072 #7 - Код за тематичната категория
Код организация bullib
Код за тематична категория Н8400
Текст Българска поезия Н
072 #7 - Код за тематичната категория
Код организация bullib
Код за тематична категория К
Текст Краезнание
072 #7 - Код за тематичната категория
Код организация bullib
Код за тематична категория РА
Текст Русенски автори
080 ## - УДК
Текстов определител УДК Българска литература
УДК код - определител по УДК 821.163.2
УДК определител -1
УДК - код + определител 821.163.2-1
100 1# - Редна дума - Автор
Автор Тонева, Гиргина
Авторска отговорност първи автор
R(LIN) 300992
139 ## - Редно поле
Редна дума Тонева, Гиргина
Авторски знак Тон - Т 72
245 10 - Сведения за заглавието
Заглавие Моята обич
Подзаглавни данни Лирика
Редно поле (дума) Гиргина Тонева.
250 ## - Област на изданието
Сведения за изданието 2. изд.
257 ## - Страна на издаване
Страна на създаване/издаване България
260 ## - Област на издателските данни
Име на издателя, разпространителя и проч. Изд. авт.
Година на издаване 2014
300 ## - Физическа характеристика
Страници 107 с.
Илюстрации и др. с цв. ил., портр.
Размери/Мащаб 21 см
380 ## - Жанр
Жанр Худож. лит.
500 ## - Общи забележки
Забележка Съдържа иза авт.
653 ## - Ключова дума – ненормативна
Ключова дума стихотворения
659 ## - Тематичен бюлетин
Тематичен бюлетин К
659 ## - Тематичен бюлетин
Тематичен бюлетин Н
852 ## - Местоположение
Форматна сигнатура Цб 274056
852 ## - Местоположение
Форматна сигнатура К 821.163.2/Т 72 Г
856 4# - Електронен адрес и достъп
Електронен формат pdf - файл
856 4# - Електронен адрес и достъп
Електронен формат pdf - файл
999 ## - СИСТЕМНИ КОНТРОЛНИ НОМЕРА
Koha biblionumber 166999
Koha biblioitemnumber 166999
942 ## - АРТИКУЛИ
Вид на библиотечния материал Книги
Скрит в OPAC Не
Периодичен библиозапис Да
944 ## - СЪЗДАВАНЕ И РЕДАКЦИЯ на ЗАПИСА
Създаване/Редакция Създаване
Дата на регистрацията/редакция 29.04.2015
Статус, дата на статуса ф /
Служител, извършил регистрацията/редакцията Виолета_Тройчева
944 ## - СЪЗДАВАНЕ И РЕДАКЦИЯ на ЗАПИСА
Създаване/Редакция Редакция
Дата на регистрацията/редакция 23.11.2015
Статус, дата на статуса ф /
Служител, извършил регистрацията/редакцията Людмила_Стоянова
999 ## - СИСТЕМНИ КОНТРОЛНИ НОМЕРА
Koha biblioitemnumber 166999
Наличности
Код за отписване Код за изгубен артикул Код за повреда Коз за рестрикции Код за отдаване Артикулен № Име на библиотеката - собственик Име на библиотеката, в която се намира в момента Статус (Текущо местоположение) Дата на вписване в системата Местоположение - отдел Цена в лева Инвентарен номер Систематично азбучна сигнатура Баркод Номер на екземпляра Цена в евро Служебна бележка Служебен тип на артикула Източник на класификационната схема
  Не е изгубен Не е повреден без рестрикции ползва се в читалня 281350 Регионална библиотека "Любен Каравелов" Русе Регионална библиотека "Любен Каравелов" Русе Хранилище 2015-04-29 Хранилище 9.00 120000787685 Цб 274056 120000787685 1 4.60 Дост: Dp Вид: Д N: 43 Дата: 30.09.2014 Книги  
  Не е изгубен Не е повреден без рестрикции ползва се в читалня 281351 Регионална библиотека "Любен Каравелов" Русе Регионална библиотека "Любен Каравелов" Русе Краезнание 2015-08-31 Краезнание 9.00 120000791763 К 821.163.2/Т 72 Г 120000791763 2 4.60 Дост: DA Вид: А N: 17 Дата: 31.08.2015 Дата инв: 15.11.2017 Бележки инв: К2017 Книги Universal Decimal Classification
Vip Innovations Ltd, Rousse, Bulgaria 2025